000 00328 a2200109 4500
001 ART_41874
005 20260410162024.0
008 260409a
245 1 0 _aLaw & Economics y derecho comparado
100 1 _aDe Geest, Gerrit
773 0 _tJurisprudencia Argentina
_gDerecho y economía (mayo 2006)
_wREV41622
999 _c33352
_d33352